Financial accounting : an international introduction /
Enregistré dans:
| Auteur principal: | |
|---|---|
| Autres auteurs: | |
| Format: | Livre |
| Langue: | anglais |
| Publié: |
Harlow, England ; New York :
Financial Times/ Prentice Hall,
2004.
|
| Édition: | 2nd ed. |
| Sujets: | |
| Tags: |
Ajouter un tag
Pas de tags, Soyez le premier à ajouter un tag!
|
MARC
| LEADER | 00000cam a22000004a 4500 | ||
|---|---|---|---|
| 001 | 13832380 | ||
| 003 | MU | ||
| 005 | 20220809042944.0 | ||
| 008 | 050106s2004 enk b 001 0 eng | ||
| 010 | |a 2005270182 | ||
| 020 | |a 0273685201 (pbk.) |c Tzs 46,000/= | ||
| 040 | |a MU Library |c MU Library |d MU Library |b eng. |e AACR | ||
| 042 | |a pcc | ||
| 050 | 0 | 0 | |a HF5686.I56 |b A427 2004 |
| 082 | 0 | 0 | |a 657 ALE |2 22 |b 1 |
| 100 | 1 | |a Alexander, David, |d 1947 June 16- | |
| 245 | 1 | 0 | |a Financial accounting : |b an international introduction / |c David Alexander, Christopher Nobes. |
| 250 | |a 2nd ed. | ||
| 260 | |a Harlow, England ; |a New York : |b Financial Times/ Prentice Hall, |c 2004. | ||
| 300 | |a xviii, 477 p. : |c 25 cm. | ||
| 504 | |a Includes bibliographical references and index. | ||
| 521 | |a Ideal for undergraduate and MBA students worldwide, taking a first course in financial accounting | ||
| 650 | 0 | |a International business enterprises |x Finance. | |
| 650 | 0 | |a Accounting. | |
| 650 | 0 | |a Financial statements | |
| 700 | 1 | |a Nobes, Christopher. | |
| 906 | |a 7 |b cbc |c origcop |d 2 |e ncip |f 20 |g y-gencatlg | ||
| 942 | |2 ddc |c BK |n 0 | ||
| 999 | |c 218 |d 218 | ||